Statistics for Locate All Countries That Start With B

Click here to take the quiz!

General Stats

  • This quiz has been taken 27 times
  • The average score is 15 of 17

Answers on the Map

Answers color-coded by a green-red scale on the quiz's map according to % correct below.
 

Answer Stats

Answer% Correct
Bolivia
96%
Bosnia and Herzegovina
96%
Brazil
96%
Bahamas
92%
Belarus
92%
Bulgaria
92%
Bangladesh
88%
Belgium
88%
Belize
88%
Benin
88%
Burkina Faso
88%
Burundi
88%
Bhutan
83%
Botswana
83%
Barbados
71%
Brunei
67%
Bahrain
63%

Score Distribution

Percentile by Number Answered

Percent of People with Each Score

Your Score History

You have not taken this quiz